00645nam a22001577a 4500003000900000005001700009008004100026040001300067100001800080245015000098250000600248260002100254300001700275490001400292520018100306IT-RoPau20220918175938.0130124b xxu||||| |||| 00| 0 eng d cIT-RoPau aMerlo , Tecla aBeatificationis et Canonizationis servae Dei Sororis Teclae MerlobUna cum. Rev.mo sacerdote Alberione fliiarum Sancti Pauli Apostoli fundatricis aI aRomabE.P.c1967 a78 p.c28 cm aRomanavI aIndice Parte prima Vita della Serva di Dio Suor Tecla Merlo Parte seconda Virtù€ eroiche della Serva di Dio Suor Tecla Merlo Parte terza Morte preziosa - fama di santità€